| 000 | 01040cam a2200229 4500 | ||
|---|---|---|---|
| 001 | WB3811-15 | ||
| 008 | 020319n2002 000 0 eng u | ||
| 035 | _a(Sirsi) u117167 | ||
| 245 | _aTax help offered | ||
| 260 | _c2002 | ||
| 490 |
_aEstates Gazette _v(0211) 16 March 2002, 34(1) |
||
| 520 | _aLandlords of buildings that contain asbestos will benefit from substantial tax relief following confirmation from the Inland Revenue that the removal or treatment of asbestos in buildings will qualify for contaminated land tax relief. The tax relief only applies to companies rather than individuals or partnerships and landlords must be able to prove that the land was contaminated when they acquired it. http://www.inlandrevenue.gov.uk | ||
| 590 | _aWB | ||
| 650 | _aMANAGEMENT-HEALTH AND SAFETY-HAZARDOUS SUBSTANCES-ASBESTOS | ||
| 650 | _aLANDLORDS | ||
| 650 |
_aContamination _96231 |
||
| 650 | _aCONTAMINATED LAND | ||
| 650 | _aTAX RELIEF | ||
| 650 | _aINLAND REVENUE | ||
| 690 |
_aHEALTH AND SAFETY _96244 |
||
| 942 | _n0 | ||
| 999 |
_c69805 _d69805 |
||